La construcción del territorio de las colonias de la "Central Argentine Land Company" /

Detalles Bibliográficos
Autor principal: Martinez de San Vicente, Isabel
Otros Autores: Corominas y Ayala, Miquel
Formato: Tesis Libro
Lenguaje:Espa�ol
Publicado: Barcelona (España) , 1995
Materias:
Etiquetas: Agregar Etiqueta
Sin Etiquetas, Sea el primero en etiquetar este registro!

MARC

LEADER 00000nam a22000007a 4500
003 AR-RoUNA
005 20250224105411.0
008 160218b1995 xxu||||| |||| 00| 0 spa d
041 |a spa 
092 |l M385  |s HHL 
100 1 |9 584  |a Martinez de San Vicente, Isabel 
245 |a La construcción del territorio de las colonias de la "Central Argentine Land Company" /  |c Isabel Martinez de San Vicente ; dir. Miquel Corominas y Ayala 
260 |a Barcelona (España) ,  |c 1995 
300 |a 346 p. :  |b mapas  |b fot. col.  |b planos  |c 30x21 cm. 
502 |a Tesis Doctoral -- Despartamento de Urbanismo y ordenación del Territorio -- Escuela Técnica Superior de Arquitectura -- Universidad Politécnica de Cataluña 
504 |a Incluye referecnias bibliográficas: p.303-311 
505 0 |t INTRODUCCION 
505 0 |a 1.TEMA 
505 0 |a 2.EL METODO 
505 0 |a 3.LA ESTRUCTURA DEL TRABAJO Y LAS FUENTES UTILIZADAS 
505 0 |a 4.RESUMEN 
505 0 |a 5.RECONOCIMIENTOS 
505 0 |t PRESENTACION  
505 0 |a DOS VIAJEROS RECORREN LAS COLONIAS EN EL SIGLO XX 
505 0 |a 1.LE CORBUSIER EN 1929 
505 0 |t 2.UN VIAJERO IMAGINARIO EN 1993 
505 0 |t I.PRIMERA PARTE 
505 0 |a LA CONCEPCION DEL PROYECTO 
505 0 |a 1.1 La formación de una practica de poblamiento, subdivisión y distribución del suelo 
505 0 |a 1.2 El régimen de la tierra y el discurso poblacioncita como el proyecto de formación de la Argentina contemporánea  
505 0 |a 1.3 Las colonias de Santa Fe 
505 0 |a 1.4 La infraestructura del territorio 
505 0 |t II. SEGUNDA PARTE 
505 0 |a LA CONSTRUCCION DEL PAISAJE RURAL Y URBANO DE LAS COLONIAS DE LA ¨CENTRAL ARGENTINE LANDS COMPANY¨ 
505 0 |a II.1 Las condiciones físicas del territorio 
505 0 |a II.2 El área a mediados del siglo XIX 
505 0 |a II.3 El proyecto ferroviario 
505 0 |a II.4 La expropiación  
505 0 |a II.5 Un antecedente directo. El caso de la Central illinois Railroad Company 
505 0 |a II.6 La ¨Central Argentine Land Company¨ como agente de las transformaciones territoriales 
505 0 |a II.7 Las formas de poblamiento 
505 0 |a II.8 El proceso de ocupación  
505 0 |a II.9 Los usos del territorio. (1870-1930) 
505 0 |a II.10 Formación, especialización funcional y comportamiento de la población de los centro urbanos 
505 0 |t III.TERCERA PARTE 
505 0 |a EL TERRITORIO HOY 
505 0 |a III.1 El asentamiento y sus partes. Las permanencias del patrón sobre el territorio 
505 0 |a III.2 Las formas de difusión del patrón sobre el territorio circundante 
505 0 |a III.3 La población 
505 0 |a III.4 La conformación actual de los centros urbanos. La estructura primaria. Relaciones con la estructura rural 
505 0 |t CONCLUSIONES 
505 0 |t APENDICE 1 
505 0 |a CUADROS ESTADISTICOS 
505 0 |t APENDICE 2 
505 0 |a LA ARQUITECTURA DE LAS CASA URBANAS. ALGUNAS CONSIDERACIONES TIPOLÓGICAS 
505 0 |t APENDICE 3 
505 0 |a ELABORACIONES GRÁFICAS COMPLEMENTARIAS 
505 0 |t BIBLIOGRAFIA 
655 |a Tesis Doctoral  |9 3475 
700 |9 3502  |a Corominas y Ayala, Miquel 
908 |a Imp 
930 |e TES0007 
942 |2 udc  |c TDOC 
945 |a MEM  |d 2023-11-14 
980 |8 3  |g Germán Grimolizzi 
999 |c 6254  |d 6254